000 00287nam a22001217a 4500
008 180129b xxu||||| |||| 00| 0 eng d
041 _aeng
080 _25th
_a37
100 _a47
101 _aEDU
245 _aWarriner's english grammar and composition
_cWrriner,J.E
942 _2udc
_cBK
999 _c41178
_d41178